| 000 -LEADER |
| fixed length control field |
00321nam a2200145Ia 4500 |
| 008 - FIXED-LENGTH DATA ELEMENTS--GENERAL INFORMATION |
| fixed length control field |
200615s9999||||xx |||||||||||||| ||und|| |
| 020 ## - INTERNATIONAL STANDARD BOOK NUMBER |
| International Standard Book Number |
9789385039171 |
| 082 ## - DEWEY DECIMAL CLASSIFICATION NUMBER |
| Classification number |
620 |
| Item number |
ENG-R |
| 100 ## - MAIN ENTRY--PERSONAL NAME |
| Personal name |
RANGWALA,SC |
| 245 #0 - TITLE STATEMENT |
| Title |
ENGINEERING MATERIAL |
| 250 ## - EDITION STATEMENT |
| Edition statement |
43RD |
| 260 ## - PUBLICATION, DISTRIBUTION, ETC. |
| Name of publisher, distributor, etc. |
CHARATAR |
| Date of publication, distribution, etc. |
2016 |
| 300 ## - PHYSICAL DESCRIPTION |
| Extent |
200 |
| 942 ## - ADDED ENTRY ELEMENTS (KOHA) |
| Koha item type |
Book |